| 000 | 00761nam a22002177a 4500 | ||
|---|---|---|---|
| 003 | DO-SdBNP | ||
| 005 | 20240301141933.0 | ||
| 007 | ta | ||
| 008 | 211105b2018 dr ||||| |||| 00| 0 spa d | ||
| 020 | _a9789945585445 | ||
| 040 |
_aDO-SdBNP _bspa _cBNPHU |
||
| 082 | 4 |
_222 _bR426r 2018 |
|
| 110 | 1 |
_aRepública Dominicana. _bPoder Judicial _915992 |
|
| 245 | 1 | 0 |
_aResolución 25/2018 que aprueba el reglamento disciplinario aplicable a los jueces del Poder Judicial / _ccoordinación general Mariano Germán Mejía. |
| 260 |
_aSanto Domingo : _bPoder Judicial, _c2018. |
||
| 300 |
_a38 p. ; _c21 cm. |
||
| 590 | _aInventariado, 2021 /LP | ||
| 700 | 1 |
_aGermán M., Mariano, _d1946- _q(Germán Mejía) _ecoord. _99311 |
|
| 910 | _aLopérez | ||
| 942 |
_2ddc _cLBS1 |
||
| 999 |
_c50880 _d50880 |
||